000 00604nam a2200229Ia 4500
003 OSt
005 20221005130501.0
006 a|||||r|||| 00| 0
007 ta
008 221004b |||||||| |||| 00| 0 eng d
024 _a31902
037 _cTextual
040 _aCRL
_cCRL
_beng
041 _2eng
_aeng
082 _aO15:f, 111K7
100 _aChinmulgund P J Ed.
245 0 _aReview of indological research in last 75 years.
260 _c1967
700 _a Mirashi V V
942 _hO15:f, 111K7
_cTEXL
_2cc
999 _c1057400
_d1057400